000
00332nam a2200145Ia 4500
008
150201s1985 xx 000 0 und d
082
_a
610.7367
_b
S1985W
100
_a
WILSON
245
_a
SURGICAL NURSING
250
_a
11TH
260
_b
BAILIERE TINDALL
_a
DELHI
_c
1985
300
_a
1-180
650
_a
SURGERY
942
_2
ddc
_c
BK
999
_c
3997
_d
3997